000 00406nam a2200157 4500
001 144423
003 ES-MaACL
005 20230906201020.0
007 t|
008 070214s1972 sp r ||||1| spa d
100 0 _aSiro.
_9106682
245 1 0 _aHumor 1971 /
_cpor Siro.
260 _aEl Ferrol :
_b[s. n.],
_c1972 (
_fGrafer)
300 _a33 h. de il. ;
_c22 cm.
852 _aES-MaACL
_jC-45732
_bR.83504
999 _c144423
_d144423